| 000 | 00510nam a22001817a 4500 | ||
|---|---|---|---|
| 005 | 20230403132244.0 | ||
| 008 | 230328b |||||||| |||| 00| 0 eng d | ||
| 020 | _a978-93-5025-044-0 | ||
| 041 | _aeng | ||
| 082 | _a362.1 HIR-E | ||
| 100 |
_aHIREMATH, LALITA D. AND HIREMATH ,DHANANJAYA A _97662 |
||
| 245 | _aESSENTIAL OF COMMUNITY MEDICINE A PRACTICAL APPROACH | ||
| 250 | _a2nd ed. | ||
| 260 |
_bJAPEE BROTHERS _c2012 |
||
| 300 | _a456;P. | ||
| 650 |
_aPHARMACY _xB. PHARMA _97663 |
||
| 942 | _cBK | ||
| 999 |
_c8240 _d8238 |
||